| 000 | 00662nas a2200217 4500 | ||
|---|---|---|---|
| 001 | BR8800768 | ||
| 003 | BR-BrBNA | ||
| 005 | 20231205091031.0 | ||
| 007 | ta | ||
| 008 | 230509b bl.|||p| |||| 00| 00por d | ||
| 040 |
_aBR-BrBNA _bpor _cBiblioteca Nacional de Agricultura |
||
| 041 | _a(Pt) | ||
| 072 | _aE14 | ||
| 100 | 1 | _aPrado, A.C. do | |
| 245 | 1 | _aDesenvolvimento e planejamento da politica florestal | |
| 650 | _aDESENVOLVIMENTO FLORESTAL | ||
| 650 | _aPLANEJAMENTO FLORESTAL | ||
| 773 | 0 |
_tBrasil Florestal (Brazil) _xISSN 0045-270X _g(Jul-Sep 1987), v. 14(61) p. 5-18 _wBR8800768 |
|
| 909 |
_a202311 _bLúcia _c55 _dLúcia Elande |
||
| 942 |
_2AGRIS _n0 _cANA |
||
| 999 |
_c122345 _d122345 |
||